Banderas de Concejos de Asturias - Estadísticas

Estadísticas generales
  • Esta prueba ha sido intentada 54 veces
  • La puntuación promedio es 15 de 78
Estadísticas de respuestas
Imagen Respuesta % Correcto
Gijón
95%
Oviedo
95%
Llanera
90%
Pravia
70%
Villaviciosa
60%
Teverga
55%
El Franco
50%
Llanes
50%
Avilés
45%
Grado
45%
Candamo
40%
Cangas de Onís
40%
Carreño
40%
Gozón
35%
Aller
30%
Cabranes
30%
Ibias
30%
Pesoz
30%
Cudillero
25%
Langreo
25%
Mieres
25%
Nava
25%
Ribadesella
25%
Corvera
20%
Morcín
20%
Muros del Nalón
20%
Onís
20%
Soto del Barco
20%
Tineo
20%
Valdés
20%
Cabrales
15%
Castrillón
15%
Colunga
15%
Peñamellera Baja
15%
Piloña
15%
Ribera de Arriba
15%
Siero
15%
Sobrescobio
15%
Bimenes
10%
Cangas del Narcea
10%
Caso
10%
Castropol
10%
Laviana
10%
Lena
10%
Navia
10%
Parres
10%
Ponga
10%
Riosa
10%
Santa Eulalia de Oscos
10%
Allande
5%
Boal
5%
Grandas de Salime
5%
Las Regueras
5%
Noreña
5%
Peñamellera Alta
5%
Quirós
5%
Ribadedeva
5%
San Martín del Rey Aurelio
5%
Villayón
5%
Amieva
0%
Belmonte de Miranda
0%
Caravia
0%
Coaña
0%
Degaña
0%
Illano
0%
Illas
0%
Proaza
0%
Salas
0%
San Martín de Oscos
0%
San Tirso de Abres
0%
Santo Adriano
0%
Sariego
0%
Somiedo
0%
Tapia de Casariego
0%
Taramundi
0%
Vegadeo
0%
Villanueva de Oscos
0%
Yernes y Tameza
0%
No se encontraron pruebas coincidentes
Distribución de puntuación
Porcentaje de gente con cada puntuación
Porcentaje por número respondido
Historial de tus puntuaciones
No has intentado esta prueba.